B02 バス停名クイズ - 気仙沼線・大船渡線BRT ver. - Statistics

General Stats
  • This quiz has been taken 23 times
  • The average score is 29 of 52
Answer Stats
Answer % Correct
気仙沼
100%
88%
南気仙沼
82%
大船渡
82%
前谷地
76%
柳津
76%
鹿折唐桑
76%
奇跡の一本松
76%
陸前高田
76%
下船渡
71%
志津川
65%
清水浜
59%
本吉
59%
大谷海岸
59%
赤岩港
59%
内湾入口(八日町)
59%
陸前矢作
59%
高田高校前
59%
高田病院
59%
大船渡魚市場前
59%
田茂山
59%
陸前横山
53%
陸前戸倉
53%
松岩
53%
不動の沢
53%
八幡大橋(東陵高校)
53%
上鹿折
53%
唐桑大沢
53%
南三陸町役場・病院前
47%
志津川中央団地
47%
歌津
47%
陸前港
47%
陸前小泉
47%
小金沢
47%
大谷まち
47%
陸前階上
47%
最知
47%
気仙沼市立病院
47%
東新城
47%
陸前今泉
47%
脇ノ沢
47%
小友
47%
碁石海岸口
47%
大船渡丸森
47%
蔵内
41%
岩月
41%
長部
41%
竹駒
41%
栃ヶ沢公園
41%
西下
35%
細浦
35%
地ノ森
35%
No matching quizzes found
Score Distribution
Percent of People with Each Score
Percentile by Number Answered
Your Score History
You have not taken this quiz